Advanced accounting

Gespeichert in:
Bibliographische Detailangaben
1. Verfasser: Copeland, Ronald
Format: Buch
Sprache:Undetermined
Veröffentlicht: New York Holt, Rinehart and Winston, Inc 1971
Schlagworte:
Tags: Tag hinzufügen
Keine Tags, Fügen Sie den ersten Tag hinzu!
Thư viện lưu trữ: Trung tâm Học liệu Trường Đại học Cần Thơ
LEADER 00518nam a2200181Ia 4500
001 CTU_68730
008 210402s9999 xx 000 0 und d
082 |a 657 
082 |b C782 
100 |a Copeland, Ronald 
245 0 |a Advanced accounting 
245 0 |c Ronald Copeland, D. Larry Crumbley, Joseph F. Wojdak 
260 |a New York 
260 |b Holt, Rinehart and Winston, Inc 
260 |c 1971 
650 |a Accounting 
904 |i Trúc Phương 
980 |a Trung tâm Học liệu Trường Đại học Cần Thơ